LEADER 01794nam a2200349 i 4500 001 000000137410 003 CaOOAMICUS 005 20050503000000.0 008 050503s2004 it u000 u ita u 013 $a111185 020 $a88-465-0487-9 040 $aSeMil$bita 245 10$aCamminare nella Luce :$bprospettive della teologia morale a partire dalla Veritatis splendor /$cJ. Ratzinger ... [et al.] a cura di Livio Melina e José Noriega. 260 $aRoma :$bLateran University Press,$cCopyr. 2004. 300 $a819 p. ;$c24 cm. 490 0 $aStudi sulla persona e la famiglia ;$v7 650 4$aTeologia morale.$0(OLS)http://semarc/subject/91 650 4$aGiovanni Paolo II - Encicliche . Veritatis splendor.$0(OLS)http://semarc/subject/8967 700 1 $aNoriega, José,$d<1965- >.$0(OLS)http://semarc/name/42508 700 1 $aMelina, Livio,$d<1952- >.$0(OLS)http://semarc/name/3365 700 0 $aBenedictus XVI,$c.$0(OLS)http://semarc/name/298 830 0$aPontificio Istituto Giovanni Paolo 2. per gli studi su matrimonio e famiglia / Studi sulla persona e la famiglia ;$v7.$0(OLS)http://semarc/title/8544 850 $aSeMil 852 $aSeMil$W1$xVenegono$y1$m2E III 17$j90956$B90956$CSeMilBibl$Z2$F97496 $81 900 1 $aRatzinger, Joseph,$d<1927-2022>. 900 0 $aBenedetto XVI$c. 961 $aAcquisto: Pontificia Università Lateranense 996 $6020$a88-465-0487-9$9(OLS)http://semarc/number/125117 996 $6245$aCamminare nella Luce :$bprospettive della teologia morale a partire dalla Veritatis splendor$9(OLS)http://semarc/title/200774 996 $6260$aRoma :$bLateran University Press$9(OLS)http://semarc/publisher/33902 LEADER 01294nam a2200289 i 4500 001 000000073706 003 CaOOAMICUS 005 20150826000000.0 008 150826s1999 it u000 u ita u 013 $a44878 020 $a88-211-6378-4 040 $aSeMil$bita 100 1 $aVander, Fabio.$0(OLS)http://semarc/name/36422 245 10$aAldo Moro :$bla cultura politica cattolica e la crisi della democrazia italiana /$cFabio Vander ; Prefazione di Pietro Scoppola. 260 $aGenova :$bMarietti 1820,$c1999. 300 $a191 p. ;$c21 cm. 490 0 $aL'eco ;$v9 600 14$aMoro, Aldo <1916-1978>.$0(OLS)http://semarc/subject/6668 650 4$aItalia - Politica - Sec. 20. - Saggi.$0(OLS)http://semarc/subject/14934 700 1 $aScoppola, Pietro <1926-2007>.$0(OLS)http://semarc/name/22747 830 2$aL'eco [Marietti] ;$v9.$0(OLS)http://semarc/title/10994 850 $aSeMil 852 $aSeMil$W1$xVenegono$y1$m3N V 317$j39858$B39858$CSeMilBibl$Z2$F39862 $81 961 $aOmaggio: Donazione 996 $6020$a88-211-6378-4$9(OLS)http://semarc/number/53274 996 $6245$aAldo Moro :$bla cultura politica cattolica e la crisi della democrazia italiana$9(OLS)http://semarc/title/119005 996 $6260$aGenova :$bMarietti 1820$9(OLS)http://semarc/publisher/32400